Prénoms garçons par lettre de 2000 à 2023 - Statistiques

Statistiques générales
  • Ce quiz a été pris 15 220 fois
    5 500 depuis la dernière actualisation
  • Le résultat moyen est 67 sur 205
Statistiques - réponses
Hint Réponse % Correct
A Alex
81%
L Léo
81%
P Paul
78%
L Louis
75%
L Luca
74%
A Antoine
73%
T Théo
73%
J Jules
72%
A Alexandre
71%
J Julien
71%
Q Quentin
70%
H Hugo
67%
A Arthur
66%
T Thomas
66%
N Noa
65%
P Pierre
65%
G Gabriel
64%
M Mathis
64%
N Nathan
64%
T Tom
64%
J Jean
62%
L Lucas
62%
M Maxime
61%
A Alexis
59%
B Baptiste
59%
R Romain
59%
E Enzo
58%
R Raphaël
57%
V Victor
57%
K Kevin
56%
V Valentin
56%
M Mathéo
55%
C Charles
53%
A Axel
52%
C Clément
52%
E Elio
51%
E Ethan
51%
M Mathieu
51%
L Léon
50%
N Noah
50%
N Noé
50%
M Maé
49%
Y Yanis
49%
A Anthony
48%
B Bastien
48%
M Martin
48%
D David
47%
N Nicolas
47%
A Adrien
46%
C Corentin
46%
D Damien
46%
W William
46%
M Maxence
45%
T Timéo
45%
A Adam
44%
B Benjamin
44%
S Simon
44%
Y Yann
44%
N Nolan
43%
E Eliot
42%
K Kylian
42%
E Evan
41%
G Gabin
41%
M Maël
41%
S Sacha
40%
S Samuel
40%
F Fabien
39%
F Florian
39%
L Liam
39%
T Timothé
38%
E Emile
37%
G Guillaume
37%
M Mathias
37%
M Mattéo
37%
M Mohamed
37%
O Oscar
37%
C Camille
36%
J Jeremy
36%
V Vincent
36%
D Dorian
35%
S Sebastien
35%
K Kilian
34%
B Benoît
33%
F Florent
33%
J Jordan
33%
R Robin
33%
T Tristan
33%
A Antonin
32%
A Aurélien
32%
C Charlie
32%
D Dylan
32%
E Esteban
32%
T Thibault
32%
A Alban
31%
G Gaspard
31%
M Matéo
31%
A Arnaud
30%
A Augustin
30%
R Rémi
30%
U Ugo
30%
M Malo
29%
N Nino
29%
R Rayan
29%
T Titouan
29%
E Etienne
28%
A Aaron
27%
E Eliott
27%
J Jonathan
27%
K Killian
27%
L Loïc
27%
M Marius
27%
M Milo
27%
E Eden
26%
G Gregory
26%
I Ilan
26%
L Lilian
26%
Y Yohan
26%
B Basile
25%
M Matthieu
25%
C Cédric
24%
E Erwan
24%
L Léandre
24%
L Lenny
24%
M Mathys
24%
N Noâm
24%
A Auguste
23%
G Gaëtan
23%
K Kenzo
23%
R Rémy
23%
R Roméo
23%
N Naël
22%
P Pablo
22%
A Andréa
21%
C Charly
21%
J Joseph
21%
L Louka
21%
M Marceau
21%
M Mickaël
21%
M Milan
21%
F Felix
20%
I Isaac
20%
J Julian
20%
R Ryan
20%
A Amaury
19%
C Côme
19%
D Dimitri
19%
E Elie
19%
L Ludovic
19%
M Marin
19%
N Nathanaël
19%
R Rafaël
19%
T Tiago
19%
A Amine
18%
B Bryan
18%
D Diego
18%
E Elias
18%
L Loan
18%
L Lorenzo
18%
L Loris
18%
S Soan
18%
A Achille
17%
B Brice
17%
I Ismaël
17%
O Owen
17%
S Sasha
17%
T Thibaut
17%
S Sofiane
16%
A Amir
15%
J Jason
15%
T Timothée
15%
T Tony
15%
A Allan
14%
K Kaïs
14%
L Lino
14%
L Lyam
14%
S Steven
14%
A Abel
13%
J Jimmy
13%
L Logan
13%
R Ruben
13%
A Alessio
12%
L Léandro
12%
L Livio
12%
M Mehdi
12%
S Sohan
12%
A Ayden
11%
J Joshua
11%
M Mahé
11%
S Sandro
11%
Z Zayn
11%
N Noham
10%
T Thiago
10%
E Ezio
9%
M Mattia
8%
N Nathaël
8%
S Stanislas
7%
A Aylan
6%
I Ilyan
6%
K Kayden
6%
M Malone
6%
M Milann
6%
T Tyago
6%
Y Youseff
6%
E Ezra
5%
M Melvyn
4%
Aucun quiz correspondant
Distribution des résultats
% des personnes avec chaque résultat
Percentile par nombre de réponses
Votre historique - résultats
Vous n’avez pas pris ce quiz depuis la dernière actualisation